| 000 | 00616nam a2200229 a 4500 | ||
|---|---|---|---|
| 008 | |||
| 020 | _a0333436644 (pbk.) | ||
| 049 | _aMAIN | ||
| 090 |
_aTJ265 _bBOX |
||
| 100 | _aBoxer, G. | ||
| 245 |
_aEngineering thermodynamics / _cG. Boxer. |
||
| 260 |
_aLondon : _bMacmillan; _c1987. |
||
| 300 |
_ax, 162 p. ; _c28 cm. |
||
| 440 | _aMacmillan college work out series. | ||
| 500 | _aIncludes index. | ||
| 650 | _aThermodynamics. | ||
| 907 |
_a.b10099967 _b15-04-13 _c02-12-03 |
||
| 003 | |||
| 005 | 20230123133539.0 | ||
| 040 | _cNUST | ||
| 942 |
_cBOOKS _kTJ265 _mBOX |
||
| 999 |
_c150505 _d150505 |
||